[Event "57th Biel Rapid Open"]
[Site "Biel SUI"]
[Date "2024.07.14"]
[Round "2.56"]
[White "Jordan, Christina"]
[Black "Materia, Matteo"]
[Result "0-1"]
[WhiteElo "1749"]
[BlackElo "1860"]
[WhiteFideId "1347977"]
[BlackFideId "45150575"]
[EventDate "2024.07.14"]
[EventType "swiss"]

1. e4 e5 2. Nf3 Nc6 3. Bb5 a6 4. Ba4 Nf6 5. O-O Be7 6. Re1 b5 7. Bb3 d6 8. c3
O-O 9. d4 Bg4 10. d5 Na5 11. Bc2 Nd7 12. a4 Nc4 13. h3 Bxf3 14. Qxf3 Ncb6 15. a5
Nc8 16. Be3 Bg5 17. Nd2 Bxe3 18. Rxe3 Ne7 19. Qg3 f5 20. exf5 Nxd5 21. Rf3 Nf4
22. Re1 Nf6 23. Rfe3 c5 24. Rd1 Qxa5 25. Ne4 Nxe4 26. Bxe4 Rad8 27. Qh4 Qc7 28.
g3 d5 29. Bb1 d4 30. cxd4 exd4 31. Ree1 Nd5 32. Ba2 Kh8 33. Qe4 Nf6 34. Qe2 c4
35. Bb1 d3 36. Qd2 Qc5 37. Re6 Qxf5 38. Rxa6 Rde8 39. Re1 Rxe1+ 40. Qxe1 Re8 41.
Qf1 Ne4 42. Rb6 Rf8 43. g4 Qf4 44. Rxb5 Nd2 45. Qe1 Nf3+ 46. Kf1 Nxe1 47. Kxe1
Qxf2+ 48. Kd1 Qe2+ 49. Kc1 Rf1# 0-1

[Event "57th Biel Rapid Open"]
[Site "Biel SUI"]
[Date "2024.07.14"]
[Round "2.57"]
[White "Parlak, Selahattin"]
[Black "Settegrana, Miro"]
[Result "1-0"]
[WhiteElo "1805"]
[BlackElo "1532"]
[WhiteFideId "1338625"]
[BlackFideId "1352466"]
[EventDate "2024.07.14"]
[EventType "swiss"]

1. d4 Nf6 2. Nc3 d5 3. Nf3 Bf5 4. Bf4 e6 5. a3 c5 6. dxc5 Bxc5 7. e3 Nc6 8. Bb5
O-O 9. O-O Nh5 10. Bxc6 bxc6 11. Nd4 Bxd4 12. Qxd4 Nxf4 13. Qxf4 Bxc2 14. Rac1
Bb3 15. Rfe1 a5 16. Ne2 a4 17. Rxc6 Bc4 18. Nd4 Qb8 19. Rc7 Bd3 20. Nc6 Qxb2 21.
Ne5 Bg6 22. h4 Qb8 23. Rec1 f6 24. Nd7 e5 25. Qf3 Qb3 26. R7c3 Qb5 27. Nxf8 Rxf8
28. h5 Be4 29. Qg4 Qe8 30. Rc7 g6 31. Rd7 Bf5 32. Rcc7 Rf7 33. Rxf7 Bxg4 34.
Rg7+ Kf8 35. hxg6 hxg6 36. Rh7 Kg8 37. Rcg7+ Kf8 38. Rh8+ Kxg7 39. Rxe8 Bd1 40.
Kf1 g5 41. Ke1 Bb3 42. Kd2 Kg6 43. Rb8 Kf5 44. Rb6 e4 45. Kc3 g4 46. Rxb3 axb3
47. Kxb3 Ke6 48. Kb4 Kd7 49. Kb5 Kc8 50. Kc5 g3 51. fxg3 d4 52. Kxd4 1-0

[Event "57th Biel Rapid Open"]
[Site "Biel SUI"]
[Date "2024.07.14"]
[Round "2.58"]
[White "Adnin, Rafa Azkario"]
[Black "Spagnoli, Benjamin"]
[Result "0-1"]
[WhiteElo "1596"]
[BlackElo "1847"]
[WhiteFideId "7126620"]
[BlackFideId "20667116"]
[EventDate "2024.07.14"]
[EventType "swiss"]

1. e4 c6 2. Nf3 d5 3. exd5 cxd5 4. d4 Nf6 5. Bb5+ Nc6 6. O-O e6 7. Bg5 Be7 8.
Nc3 O-O 9. Qd3 Nb4 10. Qd2 a6 11. Ba4 b5 12. Bb3 Bb7 13. Rfe1 Rc8 14. Re3 Nc6
15. Ne5 Nxe5 16. dxe5 Ne4 17. Bxe7 Qxe7 18. Nxe4 dxe4 19. Qe2 Qg5 20. Rg3 Qxe5
21. c3 Rfd8 22. Re1 Qf4 23. Rg4 Qd2 24. Qxd2 Rxd2 25. Rb1 Rcd8 26. h3 h5 27. Rg5
g6 28. Rc5 e3 29. fxe3 Rxg2+ 30. Kf1 Rdd2 31. Rc7 Be4 32. Rc1 Rh2 33. Ke1 Rxb2
34. Rc8+ Kg7 35. Kd1 Rh1# 0-1

[Event "57th Biel Rapid Open"]
[Site "Biel SUI"]
[Date "2024.07.14"]
[Round "2.59"]
[White "Doxarve, Nils"]
[Black "Wilhelm, Marco"]
[Result "1-0"]
[WhiteElo "1999"]
[BlackElo "1498"]
[WhiteFideId "1340000"]
[BlackFideId "1347039"]
[EventDate "2024.07.14"]
[EventType "swiss"]

1. e4 e6 2. d4 d5 3. Nc3 Nf6 4. e5 Nfd7 5. Nf3 c5 6. Bg5 Be7 7. Bxe7 Qxe7 8. Nb5
Nb6 9. Nd6+ Kf8 10. dxc5 Na4 11. Nxc8 Qxc5 12. Qd4 Qxc2 13. Qb4+ Nc5 14. Nd6 Nc6
15. Qc3 Qxc3+ 16. bxc3 a6 17. c4 Rb8 18. Rb1 b6 19. Be2 Nd7 20. cxd5 exd5 21.
Ng5 Ndxe5 22. f4 h6 23. Nf3 Nd7 24. O-O g6 25. Bxa6 Nc5 26. Bb5 Na5 27. Ne5 Rh7
28. f5 Ke7 29. fxg6 fxg6 30. Ndf7 Ke6 31. Rbe1 Ne4 32. Bd3 Rf8 33. Bxe4 dxe4 34.
Rb1 Rhxf7 35. Rxf7 Rxf7 36. Nxf7 Kxf7 37. Rxb6 e3 38. Kf1 Nc4 39. Rc6 Ne5 40.
Rc7+ Kf6 41. Ke2 Ng4 42. a4 Nxh2 43. a5 Ng4 44. a6 h5 45. a7 h4 46. a8=Q Kf5 47.
Qf8+ Kg5 48. Rc5+ Ne5 49. Rxe5+ Kg4 50. Qf3# 1-0

[Event "57th Biel Rapid Open"]
[Site "Biel SUI"]
[Date "2024.07.14"]
[Round "2.60"]
[White "Hasannudin, Zenathan Adnin"]
[Black "Chappaz, Max"]
[Result "0-1"]
[WhiteElo "1533"]
[BlackElo "1854"]
[WhiteFideId "7126719"]
[BlackFideId "1351567"]
[EventDate "2024.07.14"]
[EventType "swiss"]

1. e4 e6 2. d4 d5 3. e5 c5 4. c3 Qb6 5. Nf3 Nc6 6. Bd3 cxd4 7. cxd4 Bd7 8. a3
Nxd4 9. O-O Nb3 10. Ra2 Nxc1 11. Qxc1 Rc8 12. Qd2 Bb5 13. Nc3 Bxd3 14. Qxd3 Ne7
15. Nb5 Nf5 16. b4 a6 17. Nbd4 Nxd4 18. Nxd4 Be7 19. Re2 Rc4 20. Nf3 O-O 21. Nd2
Rc7 22. Re3 Rfc8 23. Rh3 g6 24. Qg3 Rc1 25. Qf4 Bf8 26. Rxh7 Kxh7 27. Qxf7+ Bg7
28. h4 Qd4 29. Nf3 Rxf1+ 30. Kh2 Kh8 31. Qxg6 Qf4+ 32. Kh3 Rh1+ 33. Nh2 Rxh2# 0-1

[Event "57th Biel Rapid Open"]
[Site "Biel SUI"]
[Date "2024.07.14"]
[Round "2.61"]
[White "Abeln, Dirk"]
[Black "Primbetova, Raikhan"]
[Result "0-1"]
[WhiteElo "1809"]
[BlackElo "1534"]
[WhiteFideId "1348779"]
[BlackFideId "13733494"]
[EventDate "2024.07.14"]
[EventType "swiss"]

1. d4 Nf6 2. Nf3 e6 3. g3 c5 4. Bg2 Be7 5. O-O O-O 6. c4 d5 7. cxd5 Nxd5 8. Nc3
Nc6 9. e3 Nxc3 10. bxc3 Qc7 11. Bb2 b6 12. Rc1 Bb7 13. Qc2 Rad8 14. Rfd1 Bf6 15.
Ba3 Be7 16. Bb2 Rfe8 17. a3 Bf6 18. c4 cxd4 19. exd4 Na5 20. Qe2 Qb8 21. Bc3 Nc6
22. c5 Ne7 23. Ba1 Nd5 24. c6 Ba8 25. Ne5 Bxe5 26. dxe5 Rc8 27. Qb5 Nc7 28. Qa4
b5 29. Qb3 Nd5 30. Bxd5 exd5 31. Rxd5 Bxc6 32. Rdc5 Bd7 33. Qd3 Rxc5 34. Rxc5
Qb7 35. Qc2 Be6 36. Bd4 a6 37. Rc7 Qd5 38. Qc5 Qe4 39. Be3 Bh3 40. Qc6 Qxe5 41.
Qxa6 h6 0-1

[Event "57th Biel Rapid Open"]
[Site "Biel SUI"]
[Date "2024.07.14"]
[Round "3.1"]
[White "Sasikiran, Krishnan"]
[Black "Haimovich, Tal"]
[Result "1-0"]
[WhiteTitle "GM"]
[BlackTitle "IM"]
[WhiteElo "2581"]
[BlackElo "2324"]
[WhiteFideId "5004985"]
[BlackFideId "2801698"]
[EventDate "2024.07.14"]
[EventType "swiss"]

1. d4 Nf6 2. c4 e6 3. Nf3 c5 4. d5 exd5 5. cxd5 d6 6. Nc3 g6 7. g3 Bg7 8. Bg2
O-O 9. O-O Re8 10. Bf4 h6 11. Qc1 g5 12. Bd2 Bf5 13. h4 g4 14. Ne1 Kh7 15. Nc2
Nbd7 16. Bf4 Ne5 17. Ne3 Bg6 18. a4 Qd7 19. Ra3 Nh5 20. Bxe5 Bxe5 21. Nc4 Bg7
22. Rd1 Bxc3 23. Rxc3 Rxe2 24. Ne3 Qxa4 25. Bf1 Rxe3 26. Rxe3 Re8 27. Rxe8 Qxe8
28. Re1 Qd8 29. Qe3 Qf6 30. Qe7 Qxb2 31. Qxd6 Qd2 32. Re8 Ng7 33. Rc8 Qd1 34.
Qxc5 Be4 35. Qe3 Qxd5 36. Qxa7 Qf5 37. Rc3 Qd7 38. Qe3 Bg6 39. Bd3 Nf5 40. Qe5
Nd4 41. Bxg6+ Kxg6 42. Kf1 Nf3 43. Qe4+ f5 44. Qd3 Qe6 45. Rc1 Ne5 46. Qb5 Nc6
47. Qxb7 Qe4 48. Qxc6+ 1-0

[Event "57th Biel Rapid Open"]
[Site "Biel SUI"]
[Date "2024.07.14"]
[Round "3.2"]
[White "Arcuti, Davide"]
[Black "Nesterov, Arseniy"]
[Result "0-1"]
[WhiteTitle "IM"]
[BlackTitle "GM"]
[WhiteElo "2398"]
[BlackElo "2602"]
[WhiteFideId "1323725"]
[BlackFideId "24198455"]
[EventDate "2024.07.14"]
[EventType "swiss"]

1. d4 Nf6 2. Nf3 d5 3. Bf4 c5 4. e3 Nc6 5. Nbd2 Nh5 6. Be5 f6 7. Bg3 Nxg3 8.
hxg3 cxd4 9. exd4 e5 10. Bb5 e4 11. Nh4 Rg8 12. Qh5+ g6 13. Qxh7 Rg7 14. Qh6 Kf7
15. Bxc6 bxc6 16. O-O-O Be7 17. f3 f5 18. Nxg6 Rxg6 19. Qh7+ Rg7 20. Qh5+ Ke6
21. g4 Rg5 22. gxf5+ Kd7 23. Qh3 Kc7 24. g4 e3 25. Nb3 Ba6 26. Qg3+ Qd6 27. f4
e2 28. Rde1 Rag8 29. Nc5 Rxg4 30. Nxa6+ Kb6 31. Qd3 Qxf4+ 32. Kb1 Qxd4 33. Qxd4+
Rxd4 34. Rxe2 Re4 35. Rxe4 dxe4 36. f6 Bd6 37. f7 Rf8 38. Rh6 Rxf7 39. c3 Bf8
40. Re6 Re7 41. Rxe7 Bxe7 42. Nb8 Kc7 43. Na6+ Kb7 44. Nb4 Bxb4 45. cxb4 Kc7 46.
Kc2 Kd6 47. Kd2 Kd5 48. Ke3 Ke5 49. b3 Kd5 50. a3 Ke5 51. a4 a6 52. Ke2 Kd4 53.
Kd2 e3+ 54. Ke2 Ke4 55. b5 cxb5 0-1

[Event "57th Biel Rapid Open"]
[Site "Biel SUI"]
[Date "2024.07.14"]
[Round "3.3"]
[White "Peycheva, Gergana"]
[Black "Harsha, Bharathakoti"]
[Result "0-1"]
[WhiteTitle "FM"]
[BlackTitle "GM"]
[WhiteElo "2261"]
[BlackElo "2569"]
[WhiteFideId "2916711"]
[BlackFideId "5078776"]
[EventDate "2024.07.14"]
[EventType "swiss"]

1. d4 e6 2. c4 b6 3. e4 Bb4+ 4. Bd2 Bxd2+ 5. Qxd2 d5 6. cxd5 exd5 7. exd5 Ne7 8.
Nc3 O-O 9. Bd3 Nxd5 10. Nge2 Bb7 11. O-O Nd7 12. Nxd5 Bxd5 13. Nc3 Bb7 14. d5
Nf6 15. Rfd1 Re8 16. Bf1 a6 17. g3 Qd6 18. Bg2 Rad8 19. Rac1 Re7 20. a3 h6 21.
h3 Rde8 22. Re1 Rd8 23. Rxe7 Qxe7 24. Qf4 Qd6 25. Qxd6 Rxd6 26. Ne4 Nxe4 27.
Bxe4 Rd7 28. Kf1 Kf8 29. Ke2 Ke8 30. h4 Kd8 31. Rd1 Re7 32. Kf3 Kd7 33. g4 Kd6
34. g5 hxg5 35. hxg5 Re5 36. Kf4 Bxd5 37. Bd3 a5 38. b4 axb4 39. axb4 c6 40. Rh1
Bxh1 0-1

[Event "57th Biel Rapid Open"]
[Site "Biel SUI"]
[Date "2024.07.14"]
[Round "3.4"]
[White "Jumabayev, Rinat"]
[Black "Kersten, Uwe"]
[Result "1-0"]
[WhiteTitle "GM"]
[BlackTitle "IM"]
[WhiteElo "2565"]
[BlackElo "2186"]
[WhiteFideId "13702661"]
[BlackFideId "4615646"]
[EventDate "2024.07.14"]
[EventType "swiss"]

1. Nf3 c5 2. e4 d6 3. d4 cxd4 4. Qxd4 Nc6 5. Bb5 Bd7 6. Qd3 g6 7. O-O Bg7 8. c4
Nf6 9. h3 O-O 10. Nc3 a6 11. Bxc6 Bxc6 12. Nd4 Bd7 13. Be3 Qb8 14. a4 Rc8 15. a5
Qc7 16. b3 Be8 17. Rfd1 Bc6 18. Ra2 Rab8 19. Nde2 Nd7 20. Ba7 Ra8 21. Bd4 Nc5
22. Qb1 Bxd4 23. Nxd4 Rf8 24. b4 Ne6 25. b5 Bd7 26. Nd5 Qd8 27. Nb6 Rb8 28. e5
Nc5 29. Re2 Be6 30. Qc1 Qc7 31. exd6 exd6 32. Qh6 Rbe8 33. Rdd2 Nd7 34. Re4 Bxc4
35. Rh4 Nf6 36. Nf5 Re1+ 37. Kh2 d5+ 38. f4 1-0

[Event "57th Biel Rapid Open"]
[Site "Biel SUI"]
[Date "2024.07.14"]
[Round "3.5"]
[White "Georgescu, Lena"]
[Black "Materia, Marco"]
[Result "0-1"]
[WhiteTitle "FM"]
[BlackTitle "IM"]
[WhiteElo "2209"]
[BlackElo "2453"]
[WhiteFideId "1331973"]
[BlackFideId "45150451"]
[EventDate "2024.07.14"]
[EventType "swiss"]

1. e4 c5 2. Nf3 e6 3. d4 cxd4 4. Nxd4 Nc6 5. Nc3 Qc7 6. Be3 a6 7. a3 b5 8. Nxc6
dxc6 9. Qg4 e5 10. Qg3 h5 11. h4 Nf6 12. Be2 Ng4 13. Bxg4 Bxg4 14. f3 Be6 15.
Qf2 Be7 16. Bb6 Qb7 17. Bc5 O-O 18. O-O Rfd8 19. Rfd1 Bf6 20. Rxd8+ Rxd8 21. Rd1
a5 22. b4 Ra8 23. g3 axb4 24. axb4 Qa6 25. Ne2 Qa2 26. Nc1 Qc4 27. Nd3 Ra2 28.
Rd2 Qc3 29. Kg2 Bc4 30. Qe2 g6 31. Kf2 Bg7 32. Kg2 Bh6 33. Be3 Bf8 34. Bc5 Bxc5
35. bxc5 Bxd3 36. Qxd3 Qxd3 37. Rxd3 Rxc2+ 38. Kh3 Rxc5 39. Rd8+ Kg7 40. Re8 b4
41. f4 exf4 42. gxf4 b3 43. Rb8 Rb5 0-1

[Event "57th Biel Rapid Open"]
[Site "Biel SUI"]
[Date "2024.07.14"]
[Round "3.6"]
[White "Bilguun, Sumiya"]
[Black "Vincenti, Leonardo"]
[Result "1/2-1/2"]
[WhiteTitle "GM"]
[BlackTitle "CM"]
[WhiteElo "2458"]
[BlackElo "2163"]
[WhiteFideId "4901541"]
[BlackFideId "28550820"]
[EventDate "2024.07.14"]
[EventType "swiss"]

1. e4 e6 2. d4 d5 3. Bd3 dxe4 4. Bxe4 Nf6 5. Bf3 c5 6. Ne2 Be7 7. Be3 cxd4 8.
Qxd4 O-O 9. Nbc3 Nc6 10. Qxd8 Rxd8 11. Rd1 Rxd1+ 12. Kxd1 Ne5 13. Nd4 Nxf3 14.
Nxf3 b6 15. a4 Bb7 16. Ke2 Rc8 17. Rd1 Nd5 18. Nxd5 Bxd5 19. c3 Rd8 20. Ra1 Rb8
21. g3 Bf6 22. Nd2 Kf8 23. c4 Bc6 24. Ra2 a6 25. b4 b5 26. Bc5+ Ke8 27. cxb5
axb5 28. a5 Bc3 29. Rc2 Bxd2 30. Kxd2 Kd7 31. Ke3 f6 32. h4 h5 33. Bb6 Rc8 34.
Rc5 g6 35. a6 Ra8 36. a7 Rc8 37. Rc1 Bd5 38. Bc5 Kc6 39. Bd4+ Kb7 40. Rxc8 Kxc8
41. Bxf6 Kd7 42. Kf4 Ke8 43. Ke5 Kd7 44. Bg5 Bc6 45. Be3 Bd5 46. Kf6 Be4 47. Bc5
e5 48. Kxe5 Bc6 49. Be3 Bb7 50. Kf6 Be4 51. Bc5 Kc7 52. f3 Bxf3 53. Kxg6 Kb7 54.
Kg5 Bg4 55. Kf6 Bf3 56. Ke7 Bg4 57. Kd6 Bf3 58. Be3 Bg4 59. Bb6 Bf3 60. Kc5 Be2
61. g4 Bxg4 62. Kxb5 Be2+ 63. Ka5 Bf3 64. Bc5 Be2 65. Ka4 Bf3 66. Kb3 Bg2 67.
Kc4 Bf3 68. b5 Bg2 69. Kd4 Bf1 70. b6 Be2 71. Ke4 Bg4 72. Kf4 Be2 73. Be3 Bd1
74. Ke5 Bf3 75. Kd6 Bg2 76. a8=Q+ Kxa8 77. Kc7 Bf3 1/2-1/2

[Event "57th Biel Rapid Open"]
[Site "Biel SUI"]
[Date "2024.07.14"]
[Round "3.7"]
[White "Gloeckler, Christian"]
[Black "Saraci, Nderim"]
[Result "1-0"]
[WhiteTitle "FM"]
[BlackTitle "IM"]
[WhiteElo "2304"]
[BlackElo "2447"]
[WhiteFideId "34608966"]
[BlackFideId "6351921"]
[EventDate "2024.07.14"]
[EventType "swiss"]

1. e4 c5 2. Nc3 e6 3. Nf3 a6 4. d4 cxd4 5. Nxd4 Qc7 6. Be3 Nf6 7. a3 d6 8. g4 h6
9. h3 Bd7 10. Bg2 Nc6 11. Nde2 Ne5 12. b3 Bc6 13. Ng3 g5 14. O-O Bg7 15. Qd2 h5
16. Bd4 hxg4 17. Qxg5 Rg8 18. h4 Bh8 19. Qe3 Nf3+ 20. Bxf3 gxf3 21. Rad1 Ng4 22.
Qxf3 Bxd4 23. Rxd4 Ne5 24. Qf6 Ng4 25. Qf3 Qe7 26. Kg2 f5 27. Rfd1 Rd8 28. h5
Nf6 29. Nd5 exd5 30. exd5 Bd7 31. R1d3 Ne4 32. Re3 Rf8 33. h6 Bc8 34. Qh5+ Qf7
35. Qh3 Rd7 36. Nxf5 Kd8 37. Rdxe4 Qxf5 38. Re8+ Kc7 39. Rc3+ Kb6 40. Qe3+ Ka5
41. Rxf8 Qxf8 42. b4+ Ka4 43. Qb6 Qg8+ 44. Kh2 Qxd5 45. Rc5 Qxc5 1-0

[Event "57th Biel Rapid Open"]
[Site "Biel SUI"]
[Date "2024.07.14"]
[Round "3.8"]
[White "Madaminov, Mukhiddin"]
[Black "Chinguun, Sumiya"]
[Result "1-0"]
[WhiteTitle "IM"]
[BlackTitle "FM"]
[WhiteElo "2512"]
[BlackElo "2377"]
[WhiteFideId "14210703"]
[BlackFideId "4902572"]
[EventDate "2024.07.14"]
[EventType "swiss"]

1. e4 c5 2. Nf3 d6 3. Bb5+ Bd7 4. Bxd7+ Qxd7 5. c4 Nc6 6. Nc3 g6 7. d4 cxd4 8.
Nxd4 Bg7 9. Be3 Nf6 10. f3 O-O 11. O-O Rfc8 12. b3 Rab8 13. Nxc6 bxc6 14. Rc1 c5
15. Qd2 Qb7 16. Nd5 Ne8 17. h4 e6 18. Nc3 Be5 19. h5 gxh5 20. Ne2 Ng7 21. Bh6
Qe7 22. f4 Bf6 23. Rcd1 Rd8 24. Qe3 d5 25. Bxg7 Bxg7 26. exd5 Rd7 27. dxe6 Rxd1
28. exf7+ Qxf7 29. Rxd1 Re8 30. Qf3 Qe7 31. Kf1 Qh4 32. Qh3 Qe7 33. Qxh5 Kh8 34.
Qf3 a5 35. Ng3 Qf7 36. Ne4 Bd4 37. Nd6 Qe6 38. Nxe8 Qxe8 39. g3 a4 40. Kg2 axb3
41. axb3 Qb8 42. Rh1 Bg7 43. Rh5 h6 44. Rxc5 Qe8 45. Ra5 Qg6 46. Qd5 Qc2+ 47.
Kh3 Qe2 48. Ra8+ 1-0

[Event "57th Biel Rapid Open"]
[Site "Biel SUI"]
[Date "2024.07.14"]
[Round "3.9"]
[White "Xiao, Tong(QD)"]
[Black "Assaubayeva, Bibisara"]
[Result "1/2-1/2"]
[BlackTitle "IM"]
[WhiteElo "2518"]
[BlackElo "2472"]
[WhiteFideId "8622388"]
[BlackFideId "13708694"]
[EventDate "2024.07.14"]
[EventType "swiss"]

1. e4 e5 2. Nf3 Nc6 3. Bc4 Nf6 4. d3 h6 5. O-O d6 6. a4 g5 7. c3 Bg7 8. Re1 O-O
9. a5 a6 10. Ra3 Rb8 11. Nfd2 d5 12. exd5 Nxd5 13. Ne4 f5 14. Qh5 f4 15. Nbd2
Be6 16. Nc5 Bf7 17. Qg4 Qe7 18. Nde4 Rfd8 19. b4 Kh8 20. Bb2 b6 21. axb6 cxb6
22. Nxa6 Rb7 23. Raa1 Be6 24. Qe2 g4 25. b5 f3 26. Qc2 Na5 27. Bxd5 Bxd5 28. c4
Bg8 29. Re3 Rbd7 30. Rae1 Bh7 31. c5 bxc5 32. Naxc5 Rd5 33. b6 Nb7 34. Nxb7 Qxb7
35. gxf3 gxf3 36. Rxf3 Qxb6 37. Rg3 Qa5 38. Bc3 Qa6 39. Ra1 Qc6 40. Re1 R5d7 41.
Qb2 Rd5 42. Rxg7 Kxg7 43. Bxe5+ Kf7 44. Rc1 Qg6+ 45. Bg3 Rxd3 46. Rc7+ R8d7 47.
Qa2+ Ke7 48. Rxd7+ Rxd7 49. Qa3+ Kf7 50. Qb3+ Qe6 51. Qxe6+ Kxe6 52. Nc5+ Ke7
53. Nxd7 Kxd7 1/2-1/2

[Event "57th Biel Rapid Open"]
[Site "Biel SUI"]
[Date "2024.07.14"]
[Round "3.10"]
[White "Krishnan, Ritvik"]
[Black "Gaehwiler, Gabriel"]
[Result "1-0"]
[WhiteTitle "FM"]
[BlackTitle "IM"]
[WhiteElo "2246"]
[BlackElo "2398"]
[WhiteFideId "45055297"]
[BlackFideId "1314530"]
[EventDate "2024.07.14"]
[EventType "swiss"]

1. e4 c5 2. Nf3 d6 3. d4 Nf6 4. Nc3 cxd4 5. Nxd4 a6 6. Be3 e5 7. Nb3 Be6 8. h3
Nc6 9. Qf3 Be7 10. O-O-O O-O 11. g4 a5 12. Nc5 Qc8 13. Nxe6 fxe6 14. Qg2 a4 15.
g5 Nh5 16. a3 Nf4 17. Qg4 Na5 18. Nxa4 Nc4 19. Bxc4 Qxc4 20. Nb6 Qa2 21. Nxa8
Rxa8 22. Bxf4 exf4 23. c3 Ra5 24. h4 Rb5 25. b4 Qxa3+ 26. Kc2 Qa2+ 27. Kd3 Rb6
28. Ra1 Qxf2 29. Qxe6+ 1-0

[Event "57th Biel Rapid Open"]
[Site "Biel SUI"]
[Date "2024.07.14"]
[Round "3.11"]
[White "Gan-Erdene, Sugar"]
[Black "Erne, Raphael"]
[Result "1-0"]
[WhiteTitle "IM"]
[WhiteElo "2407"]
[BlackElo "2108"]
[WhiteFideId "4902980"]
[BlackFideId "1341928"]
[EventDate "2024.07.14"]
[EventType "swiss"]

1. e4 c6 2. Nf3 d5 3. Nc3 dxe4 4. Nxe4 Nf6 5. Qe2 Nxe4 6. Qxe4 Be6 7. c3 Nd7 8.
d4 Nf6 9. Qh4 Bf5 10. Ne5 e6 11. Bc4 Be7 12. Qf4 O-O 13. g4 Bg6 14. h4 Nd7 15.
h5 Nxe5 16. Qxe5 f6 17. hxg6 fxe5 18. Bxe6+ Rf7 19. Bxf7+ Kf8 20. Rxh7 1-0

[Event "57th Biel Rapid Open"]
[Site "Biel SUI"]
[Date "2024.07.14"]
[Round "3.12"]
[White "Rotunno, Flavio"]
[Black "Tahay, Alexis"]
[Result "0-1"]
[BlackTitle "IM"]
[WhiteElo "2168"]
[BlackElo "2392"]
[WhiteFideId "1338528"]
[BlackFideId "26090961"]
[EventDate "2024.07.14"]
[EventType "swiss"]

1. d4 Nf6 2. c4 c5 3. d5 b5 4. Nd2 g6 5. e4 d6 6. b3 Bg7 7. Bb2 O-O 8. Ngf3 Nbd7
9. Qc2 b4 10. Bd3 a5 11. O-O a4 12. Rae1 axb3 13. axb3 Ra2 14. Qb1 Qa5 15. Qc1
Re8 16. e5 dxe5 17. Bb1 Rxb2 18. Qxb2 e4 19. Ne5 Ng4 20. f4 exf3 21. Ndxf3 Qc7
22. d6 exd6 23. Nxg4 Rxe1 24. Qd2 Rxf1+ 25. Kxf1 Nf6 26. Nxf6+ Bxf6 27. Be4 Be6
28. Qa2 Kg7 29. Qa8 g5 30. h3 h5 31. Bd3 g4 32. hxg4 hxg4 33. Nd2 d5 34. cxd5
Qf4+ 35. Ke2 Bg5 36. Nc4 Bf5 37. Qa1+ Bf6 38. Qb1 Bc8 39. Qh1 g3 40. Qh7+ Kf8
41. Qe4 Bg4+ 42. Qf3 Bxf3+ 43. gxf3 g2 0-1

[Event "57th Biel Rapid Open"]
[Site "Biel SUI"]
[Date "2024.07.14"]
[Round "3.13"]
[White "Rosen, Eric"]
[Black "Nasybullina, Alfia"]
[Result "1/2-1/2"]
[WhiteTitle "IM"]
[BlackTitle "WIM"]
[WhiteElo "2374"]
[BlackElo "1997"]
[WhiteFideId "2032562"]
[BlackFideId "4132416"]
[EventDate "2024.07.14"]
[EventType "swiss"]

1. d4 Nf6 2. Bf4 d6 3. Nc3 Nbd7 4. Nf3 g6 5. e4 Bg7 6. Qd2 O-O 7. O-O-O Re8 8.
e5 Nh5 9. Bh6 c5 10. dxc5 Nxe5 11. Bxg7 Nxf3 12. gxf3 Nxg7 13. Bb5 Bd7 14. cxd6
exd6 15. Bxd7 Qxd7 16. Ne4 Nh5 17. Qd5 Qe6 18. Rhg1 Nf4 19. Qd2 d5 20. Nc3 Ne2+
21. Nxe2 Qxe2 22. f4 Qc4 23. b3 Qe4 24. Rg3 Rad8 25. Rd3 Re6 26. Rd4 Qf3 27. Rd3
Qe4 28. Kb2 Rc6 29. c4 d4 30. Rxd4 Rxd4 31. Qxd4 Qg2 32. h4 Re6 33. Rd2 Qh1 34.
f5 gxf5 35. Qd8+ Kg7 36. Qd4+ Kg8 37. Qf4 Qe4 38. Qb8+ Kg7 39. Qxa7 Qe5+ 40. Kc2
Qe4+ 41. Kb2 Re5 42. h5 Qe1 43. Qd4 f6 44. f4 Re2 45. Qd7+ Kh6 46. Rxe2 Qxe2+
47. Ka3 Qc2 48. Qxb7 Qc1+ 49. Ka4 Qxf4 50. Qf7 Qd6 51. b4 f4 52. c5 Qa6+ 53. Kb3
Qd3+ 54. Kb2 Qd4+ 55. Ka3 f3 56. Qf8+ Kxh5 57. Qf7+ Kh6 58. Qf8+ Kh5 59. Qe8+
Kh6 60. Qf8+ Kh5 61. Qf7+ Kh6 62. Qf8+ Kh5 63. c6 f2 64. Qf7+ Kh6 65. Qf8+ Kh5
66. Qe8+ Kg5 67. Qg8+ Kh6 68. Qf8+ Kh5 69. Qe8+ Kh6 70. Qf8+ Kh5 71. Qe8+ Kh6
72. Qf8+ Kh5 1/2-1/2

[Event "57th Biel Rapid Open"]
[Site "Biel SUI"]
[Date "2024.07.14"]
[Round "3.14"]
[White "Tellarini, Lorenzo"]
[Black "Sukandar, Irine Kharisma"]
[Result "0-1"]
[BlackTitle "IM"]
[WhiteElo "2002"]
[BlackElo "2338"]
[WhiteFideId "28548655"]
[BlackFideId "7101937"]
[EventDate "2024.07.14"]
[EventType "swiss"]

1. e4 e5 2. Nc3 Nf6 3. f4 d5 4. fxe5 Nxe4 5. Qf3 Nc6 6. Bb5 Nxc3 7. bxc3 Qh4+ 8.
g3 Qe4+ 9. Qxe4 dxe4 10. d4 exd3 11. cxd3 Bd7 12. Nf3 Nxe5 13. Nxe5 Bxb5 14. Rb1
Ba6 15. c4 f6 16. Nf3 O-O-O 17. Ke2 Bc5 18. Bf4 Rhe8+ 19. Kd2 g5 20. Nxg5 fxg5
21. Bxg5 Be7 22. Bxe7 Rxe7 23. Kc3 Re2 24. a3 b6 25. h4 Re3 26. Rbd1 Rxg3 27.
Rhg1 Rdxd3+ 28. Rxd3 Rxg1 29. Rd5 Rc1+ 30. Kb2 Rxc4 31. Rh5 Rc5 32. Rxh7 Bd3 33.
Rh8+ Kb7 34. h5 a5 35. h6 Rh5 36. Kc3 Bg6 37. Kb2 Rh3 38. Ka2 b5 39. Kb2 a4 40.
Ka2 Bf7+ 41. Kb2 Bc4 42. Rh7 Rb3+ 43. Ka2 Rb1+ 44. Kxb1 Bd3+ 45. Kb2 Bxh7 46.
Kc3 c5 47. Kb2 Kc6 48. Kc3 Kd5 49. Kb2 Kc4 50. Ka2 b4 51. axb4 cxb4 52. Kb2 Kd3
53. Kb1 Kc3+ 54. Ka2 b3+ 55. Ka3 b2 56. Kxa4 b1=Q 57. Ka5 Qb7 58. Ka4 Qb4# 0-1

[Event "57th Biel Rapid Open"]
[Site "Biel SUI"]
[Date "2024.07.14"]
[Round "3.15"]
[White "Munkhzul, Turmunkh"]
[Black "Jud, Marc"]
[Result "1-0"]
[WhiteTitle "WGM"]
[WhiteElo "2250"]
[BlackElo "1925"]
[WhiteFideId "4901878"]
[BlackFideId "1309099"]
[EventDate "2024.07.14"]
[EventType "swiss"]

1. e4 c5 2. Nf3 d6 3. d4 cxd4 4. Nxd4 Nf6 5. Nc3 a6 6. Be3 e6 7. Be2 Be7 8. O-O
O-O 9. f4 Qc7 10. Bf3 Nc6 11. Qe1 Nxd4 12. Bxd4 e5 13. Be3 exf4 14. Bxf4 Be6 15.
Kh1 Rac8 16. Rd1 Rfd8 17. Nd5 Nxd5 18. exd5 Bf5 19. c3 Bf8 20. Qf2 Bg6 21. Bg4
Rb8 22. Be3 Qc4 23. Bf5 f6 24. Rd4 Qb5 25. Be6+ Kh8 26. Rg4 Qe8 27. Bd4 Be7 28.
Qg3 b5 29. Rxg6 Qxg6 30. Qxg6 hxg6 31. Rf3 1-0